Food Service Odborný časopis pro gastronomii, hotelníctví a moderní stravování

Salvato in:
Dettagli Bibliografici
Natura: Periodico
Lingua:ceco
Pubblicazione: Praha Československé odborné nakladatelství 1992
Tags: Aggiungi Tag
Nessun Tag, puoi essere il primo ad aggiungerne!!

MARC

LEADER 00000nas2a2200000 4500
001 s016273
005 20250728075507.1
041 0 |a cze 
044 |a CZ 
245 1 0 |a Food Service  |b Odborný časopis pro gastronomii, hotelníctví a moderní stravování 
264 1 |a Praha  |b Československé odborné nakladatelství  |c 1992 
300 |a 1 zv.